[Event "Open Hradec Kralove 2018"]
[Site "Hradec Kralove"]
[Date "2018.10.05"]
[Round "7"]
[White "Moeckel, Jens"]
[Black "Winter, Ondrej"]
[Result "0-1"]
[WhiteElo "1882"]
[BlackElo "1453"]
[PlyCount "78"]
[EventDate "2018.09.30"]

1. d4 d5 2. Nf3 Nf6 3. c4 e6 4. g3 Be7 5. Bg2 O-O 6. O-O b6 7. cxd5 Nxd5 8. Nc3
Bb7 9. e4 Nxc3 10. bxc3 Bxe4 11. Re1 Bb7 12. Qc2 Nd7 13. a4 c5 14. a5 cxd4 15.
a6 Bxf3 16. Bxf3 Rc8 17. Qa4 Rxc3 18. Bg2 Nc5 19. Qd1 Nd3 20. Bd2 Nxe1 21. Bxc3
Nxg2 22. Qxd4 Qxd4 23. Bxd4 Rd8 24. Bc3 Rd3 25. Be5 f6 26. Bb8 Rd7 27. Kxg2 b5
28. Rc1 b4 29. f4 Kf7 30. h4 Bd8 31. Rc5 Bb6 32. Rc1 b3 33. Rc3 b2 34. Rb3 Rd8
35. Rxb6 axb6 36. a7 b1=Q 37. a8=Q Rd2+ 38. Kh3 Qf1+ 39. Kg4 Qe2+ 0-1

[Event "Open Hradec Kralove 2018"]
[Site "Hradec Kralove"]
[Date "2018.10.05"]
[Round "7"]
[White "Machalec, Vladimir"]
[Black "Kuru, Martin"]
[Result "1-0"]
[WhiteElo "1803"]
[BlackElo "1877"]
[PlyCount "57"]
[EventDate "2018.09.30"]

1. Nf3 d5 2. g3 Nf6 3. Bg2 e6 4. O-O Be7 5. d4 O-O 6. Nbd2 c5 7. dxc5 Bxc5 8.
c4 Nc6 9. Nb3 Be7 10. cxd5 exd5 11. a3 Re8 12. Qc2 Bd7 13. Bf4 Rc8 14. Qd3 Qb6
15. Be3 Qc7 16. Rac1 Qb8 17. Bf4 Bd6 18. Bg5 Be7 19. Rc2 Be6 20. Rfc1 h6 21.
Bf4 Bd6 22. Bxd6 Qxd6 23. Nc5 Qe7 24. Nxe6 fxe6 25. Nd4 Qd6 26. Nxc6 bxc6 27.
Qa6 Rb8 28. Rxc6 Qe5 29. b4 1-0

[Event "Open Hradec Kralove 2018"]
[Site "Hradec Kralove"]
[Date "2018.10.05"]
[Round "7"]
[White "Seemann, Jakub"]
[Black "Portych, Vaclav"]
[Result "1-0"]
[WhiteElo "1789"]
[BlackElo "1865"]
[PlyCount "59"]
[EventDate "2018.09.30"]

1. e4 c5 2. Nf3 d6 3. d4 cxd4 4. Nxd4 Nf6 5. Nc3 a6 6. Bg5 Nbd7 7. f4 h6 8.
Bxf6 Nxf6 9. e5 dxe5 10. fxe5 Bg4 11. Qd3 Nd5 12. e6 Bh5 13. Qb5+ axb5 14.
Bxb5+ Qd7 15. exd7+ Kd8 16. Nxd5 e6 17. Nf4 e5 18. Nxh5 exd4 19. Kd2 Ra5 20. a4
g6 21. Rhe1 Bb4+ 22. c3 dxc3+ 23. bxc3 Be7 24. Ng3 b6 25. Ne2 Bg5+ 26. Kc2 Kc7
27. Nd4 Raa8 28. Re8 Rd8 29. Rxd8 Rxd8 30. Rf1 1-0

[Event "Open Hradec Kralove 2018"]
[Site "Hradec Kralove"]
[Date "2018.10.05"]
[Round "7"]
[White "Aird, Ian"]
[Black "Smietanska, Wiktoria"]
[Result "1-0"]
[WhiteElo "1857"]
[BlackElo "1315"]
[PlyCount "57"]
[EventDate "2018.09.30"]

1. e4 c5 2. Nf3 e6 3. g3 d6 4. Bg2 Nc6 5. c3 Nf6 6. Qe2 g6 7. O-O Bg7 8. Rd1
O-O 9. d4 cxd4 10. cxd4 a6 11. Nc3 b5 12. e5 Ne8 13. exd6 Qxd6 14. Bf4 Qd7 15.
Ne5 Bxe5 16. dxe5 Qc7 17. Rac1 Bb7 18. Qe3 Ng7 19. g4 Rfd8 20. Ne4 Ne8 21. Nf6+
Nxf6 22. exf6 Rxd1+ 23. Rxd1 Qc8 24. Bd6 Qd8 25. g5 Qa5 26. Qh3 Qa4 27. b3 Qxa2
28. Qh6 Qxb3 29. Qg7# 1-0

[Event "Open Hradec Kralove 2018"]
[Site "Hradec Kralove"]
[Date "2018.10.06"]
[Round "8"]
[White "Cerveny, Martin"]
[Black "Zaehringer, Daniel"]
[Result "1/2-1/2"]
[WhiteElo "2329"]
[BlackElo "2110"]
[PlyCount "79"]
[EventDate "2018.09.30"]

1. d4 d5 2. c4 e6 3. Nc3 c6 4. Nf3 Nf6 5. e3 Nbd7 6. Bd3 dxc4 7. Bxc4 b5 8. Bd3
Bd6 9. O-O O-O 10. Qc2 Bb7 11. Bd2 b4 12. Ne4 Nxe4 13. Bxe4 f5 14. Bd3 c5 15.
Be2 Rc8 16. dxc5 Nxc5 17. Qd1 Ne4 18. g3 Rf6 19. Rc1 Rxc1 20. Qxc1 Rh6 21. Rd1
a5 22. Be1 Qf6 23. Qc4 g5 24. Qb5 Qe7 25. Ne5 g4 26. Qd7 Qxd7 27. Nxd7 Kf7 28.
Nc5 Nxc5 29. Rxd6 Ke7 30. Rb6 Bd5 31. Rb5 Ne4 32. Rxa5 b3 33. axb3 Ng5 34. Bc3
Nh3+ 35. Kf1 Ng5 36. Ra7+ Kd6 37. Bb4+ Kc6 38. Bc4 Bf3 39. Kg1 Nh3+ 40. Kf1
1/2-1/2

[Event "Open Hradec Kralove 2018"]
[Site "Hradec Kralove"]
[Date "2018.10.06"]
[Round "8"]
[White "Jirasek, Pavel"]
[Black "Skorna, Ullrich"]
[Result "1-0"]
[WhiteElo "2249"]
[BlackElo "2090"]
[PlyCount "59"]
[EventDate "2018.09.30"]

1. e4 e6 2. d4 d5 3. e5 c5 4. c3 Nc6 5. Nf3 Nh6 6. Bd3 cxd4 7. cxd4 f6 8. Nc3
Nf7 9. O-O f5 10. h4 Be7 11. g3 O-O 12. Ne2 g6 13. Kg2 Kg7 14. Rh1 h6 15. Be3
b6 16. Qd2 Bb4 17. Qd1 Be7 18. Nf4 Nb4 19. Be2 g5 20. hxg5 hxg5 21. Nh5+ Kg6
22. a3 Nc6 23. Bb5 Bd7 24. Bxc6 Bxc6 25. Nxg5 Nxg5 26. Nf4+ Kg7 27. Qh5 Qe8 28.
Qh6+ Kg8 29. Qh8+ Kf7 30. Rh7+ 1-0

[Event "Open Hradec Kralove 2018"]
[Site "Hradec Kralove"]
[Date "2018.10.06"]
[Round "8"]
[White "Ouaret, Abdelouhab"]
[Black "Toman, Jaroslav"]
[Result "1/2-1/2"]
[WhiteElo "2094"]
[BlackElo "2232"]
[PlyCount "69"]
[EventDate "2018.09.30"]

1. Nf3 d5 2. g3 Bg4 3. Bg2 Nd7 4. d4 e6 5. O-O Ngf6 6. c4 c6 7. Nbd2 Bd6 8. b3
O-O 9. Bb2 Qe7 10. h3 Bf5 11. Ne5 Rfd8 12. g4 Be4 13. Nxe4 Nxe4 14. Qc2 f5 15.
Bxe4 dxe4 16. Qc3 Nxe5 17. dxe5 Bb4 18. Qe3 Bd2 19. Qg3 Rf8 20. e3 f4 21. exf4
Rxf4 22. Rad1 Rf3 23. Qg2 Rd8 24. Bc1 Bxc1 25. Rxc1 Rd2 26. Rce1 Rxa2 27. Rxe4
Rxb3 28. Rd1 Rab2 29. Rd6 c5 30. g5 Rb1+ 31. Kh2 Rb6 32. Rd3 R1b3 33. Rd2 Rb2
34. Rd3 R2b3 35. Rd2 1/2-1/2

[Event "Open Hradec Kralove 2018"]
[Site "Hradec Kralove"]
[Date "2018.10.06"]
[Round "8"]
[White "Malinovsky, Petr"]
[Black "Piankov, Evgenij"]
[Result "1/2-1/2"]
[WhiteElo "2014"]
[BlackElo "2218"]
[PlyCount "139"]
[EventDate "2018.09.30"]

1. d4 f5 2. Nc3 d5 3. Bf4 c6 4. e3 e6 5. a3 Nf6 6. Bd3 Be7 7. h3 Nbd7 8. Nf3
Ne4 9. Ne2 O-O 10. O-O b6 11. c4 Bb7 12. Rc1 c5 13. cxd5 exd5 14. dxc5 bxc5 15.
Bb1 Qb6 16. Ba2 Ndf6 17. Qb3 Rac8 18. Rfd1 Rfd8 19. Nc3 Nxc3 20. Qxc3 Ne4 21.
Qc2 Bf6 22. Be5 g6 23. Bxf6 Nxf6 24. Qc3 Ne4 25. Qc2 Kg7 26. Nd2 d4 27. Nc4 Qf6
28. f3 Ng5 29. exd4 Rxd4 30. Rxd4 Qxd4+ 31. Qf2 Rd8 32. Qxd4+ cxd4 33. Na5 Bd5
34. Bxd5 Rxd5 35. Nc6 Ne6 36. Rd1 Kf6 37. Nxa7 Rc5 38. b4 Rc2 39. Nb5 Ke5 40.
Kf1 Kd5 41. g4 Rc4 42. gxf5 gxf5 43. h4 Kc6 44. Re1 Nf4 45. Nxd4+ Rxd4 46. Re7
h5 47. Rf7 Nd5 48. b5+ Kb6 49. Kf2 f4 50. Rf5 Kxb5 51. Rxh5 Kc4 52. Rh8 Rd2+
53. Ke1 Rd3 54. h5 Rxf3 55. a4 Nc3 56. h6 Re3+ 57. Kf1 Nxa4 58. h7 Rh3 59. Rc8+
Nc5 60. h8=Q Rxh8 61. Rxh8 Kd4 62. Kf2 Ke4 63. Re8+ Kf5 64. Kf3 Ne6 65. Ra8
Ng5+ 66. Kg2 Kg4 67. Rg8 Kf5 68. Kf2 Ne4+ 69. Ke2 Ng5 70. Rf8+ 1/2-1/2

[Event "Open Hradec Kralove 2018"]
[Site "Hradec Kralove"]
[Date "2018.10.06"]
[Round "8"]
[White "Gloser, David"]
[Black "Bartos, Jan"]
[Result "1/2-1/2"]
[WhiteElo "1940"]
[BlackElo "2216"]
[PlyCount "73"]
[EventDate "2018.09.30"]

1. e4 e6 2. d4 d5 3. e5 c5 4. c3 Nc6 5. Nf3 Bd7 6. a3 Nge7 7. b4 cxd4 8. cxd4
Nf5 9. Be3 b5 10. Nc3 a5 11. Nxb5 axb4 12. Bd3 Nxe3 13. fxe3 Be7 14. O-O O-O
15. a4 Na5 16. Qc2 g6 17. h4 Rc8 18. Qe2 Bxb5 19. axb5 Rc3 20. h5 Nc4 21. Nh2
f5 22. exf6 Rxf6 23. hxg6 hxg6 24. Rxf6 Bxf6 25. Bxg6 Nxe3 26. Qh5 Rc7 27. Nf3
b3 28. b6 Rg7 29. Ne5 Bxe5 30. dxe5 Nc4 31. Rf1 Qxb6+ 32. Rf2 b2 33. Bf7+ Rxf7
34. Qxf7+ Kh8 35. Qh5+ Kg8 36. Qg6+ Kh8 37. Qh6+ 1/2-1/2

[Event "Open Hradec Kralove 2018"]
[Site "Hradec Kralove"]
[Date "2018.10.06"]
[Round "8"]
[White "Hoerr, Matthias"]
[Black "Clark, Robert G"]
[Result "1/2-1/2"]
[WhiteElo "2208"]
[BlackElo "2025"]
[PlyCount "158"]
[EventDate "2018.09.30"]

1. Nf3 Nf6 2. c4 g6 3. b4 Bg7 4. Bb2 O-O 5. g3 d6 6. Bg2 c6 7. O-O e5 8. d3
Nbd7 9. Qb3 Re8 10. Nc3 Nf8 11. a4 Rb8 12. Rac1 Bf5 13. e4 Bg4 14. h3 Bxf3 15.
Bxf3 Ne6 16. Ne2 Qb6 17. Qa3 Nd7 18. Kh2 a5 19. Bc3 axb4 20. Bxb4 Ndc5 21. Ra1
Ra8 22. a5 Qa7 23. Bg4 h5 24. Bxe6 Rxe6 25. Bxc5 dxc5 26. Ra2 b5 27. Nc1 b4 28.
Qb2 Qc7 29. Nb3 Qd6 30. Qe2 Ree8 31. a6 Red8 32. Rd1 Bf8 33. Qe3 Qc7 34. Rda1
Qb6 35. Ra5 Kg7 36. Kg2 Ra7 37. Nxc5 Bxc5 38. Qxc5 Qxc5 39. Rxc5 Rxd3 40. Rxc6
Ra3 41. Rb1 b3 42. c5 R7xa6 43. Rxa6 Rxa6 44. Rxb3 Rc6 45. Rc3 Kf6 46. f4 Ke6
47. Kf3 f6 48. Ke3 f5 49. Kf3 Kf6 50. Rc4 Ke6 51. g4 hxg4+ 52. hxg4 exf4 53.
Kxf4 fxg4 54. Kxg4 Kf6 55. Kf4 Ke6 56. Rc1 Kf6 57. Rc2 Ke6 58. Kg5 Kf7 59. Rf2+
Ke7 60. Rc2 Kf7 61. Kf4 Kf6 62. e5+ Ke6 63. Ke4 g5 64. Kd4 g4 65. Rf2 Ke7 66.
Kd5 g3 67. Rg2 Rg6 68. c6 Rg5 69. c7 Kd7 70. c8=Q+ Kxc8 71. Ke6 Kd8 72. Kf6 Rg4
73. e6 Ke8 74. Ra2 Rf4+ 75. Ke5 Rf2 76. Ra8+ Ke7 77. Ra7+ Ke8 78. Ra8+ Ke7 79.
Ra7+ Ke8 1/2-1/2

[Event "Open Hradec Kralove 2018"]
[Site "Hradec Kralove"]
[Date "2018.10.06"]
[Round "8"]
[White "Aird, Ian"]
[Black "Gokhale, Anupama"]
[Result "1/2-1/2"]
[WhiteElo "1857"]
[BlackElo "1964"]
[PlyCount "52"]
[EventDate "2018.09.30"]

1. d4 Nf6 2. Bf4 g6 3. Nc3 d5 4. e3 Bg7 5. h4 h5 6. Nb5 Na6 7. c3 c6 8. Na3 Nc7
9. Bd3 Ne6 10. Be5 Ng4 11. Bg3 Bh6 12. Qe2 Ng7 13. Nc2 Bf5 14. f3 Bxd3 15. Qxd3
Nf5 16. Bf4 Bxf4 17. exf4 Nf6 18. Ne2 Qd6 19. Ne3 e6 20. O-O-O O-O-O 21. g3 Kb8
22. Rhg1 Rc8 23. Kb1 Nd7 24. Nc1 Nxe3 25. Qxe3 Ka8 26. Nd3 c5 1/2-1/2

[Event "Open Hradec Kralove 2018"]
[Site "Hradec Kralove"]
[Date "2018.10.06"]
[Round "8"]
[White "Seemann, Jakub"]
[Black "Fischer, Erik"]
[Result "1/2-1/2"]
[WhiteElo "1789"]
[BlackElo "1947"]
[PlyCount "89"]
[EventDate "2018.09.30"]

1. e4 {[%emt 0:00:00]} c5 2. Nf3 e6 3. d4 cxd4 4. Nxd4 Nc6 5. Nc3 Qc7 6. Be2
Nf6 7. Be3 Be7 8. O-O O-O 9. f4 d6 10. Qe1 Nxd4 11. Bxd4 e5 12. fxe5 dxe5 13.
Qg3 Bc5 14. Bxc5 Qxc5+ 15. Kh1 Kh8 16. Qg5 Rg8 17. Rad1 Be6 18. Rd3 Nd7 19. Bg4
f6 20. Qh4 Qe7 21. Rf5 g5 22. Qh5 Nb6 23. Rf2 Bxg4 24. Qxg4 Rad8 25. Nd5 Nxd5
26. exd5 Kg7 27. Qe4 b5 28. h4 h6 29. Rh3 Rh8 30. h5 Qf7 31. Rd2 Rhe8 32. g4 f5
33. gxf5 Kf6 34. c4 bxc4 35. Qxc4 Rd6 36. Kg2 Red8 37. Ra3 R8d7 38. Ra6 Qxh5
39. Rxd6+ Rxd6 40. Qb4 Rd8 41. Rc2 Qd1 42. Rd2 Qe1 43. d6 Qh4 44. Qb3 Qg4+ 45.
Kf1 1/2-1/2

[Event "Open Hradec Kralove 2018"]
[Site "Hradec Kralove"]
[Date "2018.10.06"]
[Round "8"]
[White "Kraus, Ondrej"]
[Black "Machalec, Vladimir"]
[Result "1-0"]
[WhiteElo "1943"]
[BlackElo "1803"]
[PlyCount "77"]
[EventDate "2018.09.30"]

1. e4 c5 2. c3 g6 3. d4 d5 4. e5 c4 5. Be2 Bg7 6. Nd2 Nh6 7. Nf1 O-O 8. Bf4 f6
9. Nf3 Nf7 10. Qd2 Nc6 11. Rd1 b5 12. Ne3 Be6 13. b3 Qa5 14. b4 Qb6 15. exf6
exf6 16. g4 Rfd8 17. O-O Nd6 18. Bxd6 Rxd6 19. Nh4 Bf7 20. f4 Rd7 21. a3 Re8
22. Nhg2 Rde7 23. Bf3 Qd8 24. Qf2 Qd6 25. h4 Bh6 26. g5 Bg7 27. Ng4 a5 28. N2e3
Rxe3 29. Nxe3 Qxf4 30. Nxd5 Qd6 31. Nxf6+ Bxf6 32. gxf6 axb4 33. axb4 Nd8 34.
Rde1 Rxe1 35. Qxe1 Ne6 36. Qe5 Qxe5 37. dxe5 Nc7 38. Rd1 Be6 39. Rd8+ 1-0

[Event "Open Hradec Kralove 2018"]
[Site "Hradec Kralove"]
[Date "2018.10.06"]
[Round "8"]
[White "Valenti, Richard"]
[Black "Bartos, Karel"]
[Result "1/2-1/2"]
[WhiteElo "2037"]
[BlackElo "1843"]
[PlyCount "35"]
[EventDate "2018.09.30"]

1. Nf3 Nf6 2. g3 d5 3. Bg2 c6 4. O-O Bf5 5. d3 e6 6. Nbd2 Be7 7. Qe1 O-O 8. e4
dxe4 9. dxe4 Bg6 10. Ne5 Nbd7 11. Nxg6 hxg6 12. e5 Nd5 13. Qe2 Qc7 14. Nf3 Rad8
15. Re1 Rfe8 16. Bg5 Nf8 17. h4 Nb6 18. Rad1 1/2-1/2

[Event "Open Hradec Kralove 2018"]
[Site "Hradec Kralove"]
[Date "2018.10.06"]
[Round "8"]
[White "Kaplan, Daniel"]
[Black "Jedlickova, Petra"]
[Result "1/2-1/2"]
[WhiteElo "2017"]
[BlackElo "1774"]
[PlyCount "72"]
[EventDate "2018.09.30"]

1. e4 c5 2. Nf3 d6 3. d4 cxd4 4. Nxd4 g6 5. f4 Bg7 6. Nc3 Nc6 7. Nxc6 bxc6 8.
Be3 Qa5 9. Qd2 Rb8 10. Nd1 Qxd2+ 11. Kxd2 c5 12. Bd3 Bb7 13. Rb1 Kd7 14. Re1
Nf6 15. Nf2 a5 16. b3 Bc6 17. a4 Rb4 18. e5 Nd5 19. Be4 Nxe3 20. Rxe3 Rd4+ 21.
Ke2 d5 22. Bf3 Rb8 23. Rd1 Rxd1 24. Kxd1 e6 25. Rd3 Kc7 26. Be2 Rb4 27. g3 c4
28. Re3 Bf8 29. Bf1 Rb6 30. bxc4 d4 31. Rb3 Bxa4 32. Rxb6 Kxb6 33. Nd3 Bc6 34.
Kc1 a4 35. Kb2 Bc5 36. Be2 Be7 1/2-1/2

[Event "Open Hradec Kralove 2018"]
[Site "Hradec Kralove"]
[Date "2018.10.06"]
[Round "8"]
[White "Bensadi, Lotfi"]
[Black "Gensch, Manfred"]
[Result "1-0"]
[WhiteElo "1925"]
[BlackElo "1836"]
[PlyCount "71"]
[EventDate "2018.09.30"]

1. Nf3 Nf6 2. b3 c5 3. Bb2 Nc6 4. e3 d6 5. d4 cxd4 6. exd4 Bf5 7. a3 e6 8. c4
d5 9. c5 a6 10. Nc3 Be7 11. Be2 O-O 12. Nh4 Be4 13. f3 Bg6 14. Nxg6 hxg6 15. b4
Nh5 16. g3 Bf6 17. Na4 Qc7 18. Qd2 Rad8 19. f4 Be7 20. Bxh5 gxh5 21. Nb6 g6 22.
a4 Bf6 23. Bc3 Ne7 24. b5 axb5 25. axb5 Nf5 26. O-O Qe7 27. Ra7 Qe8 28. Rb1 Rb8
29. Kh1 Qd8 30. Qd3 Nh6 31. Ba5 Ng4 32. Kg2 h4 33. c6 bxc6 34. Nd7 h3+ 35. Kg1
Qe7 36. Bb4 1-0

[Event "Open Hradec Kralove 2018"]
[Site "Hradec Kralove"]
[Date "2018.10.06"]
[Round "8"]
[White "Nemec, Otakar"]
[Black "Kudr, Roman"]
[Result "1/2-1/2"]
[WhiteElo "1886"]
[BlackElo "1909"]
[PlyCount "21"]
[EventDate "2018.09.30"]

1. e4 e5 2. Nf3 Nc6 3. Bb5 d6 4. O-O Bd7 5. c3 g6 6. d4 Bg7 7. d5 Nb8 8. Bxd7+
Nxd7 9. Re1 Ne7 10. Nbd2 O-O 11. Nf1 1/2-1/2

[Event "Open Hradec Kralove 2018"]
[Site "Hradec Kralove"]
[Date "2018.10.06"]
[Round "8"]
[White "Vochozka, Jindrich"]
[Black "Kalveus, Jan"]
[Result "1-0"]
[WhiteElo "1795"]
[BlackElo "1854"]
[PlyCount "75"]
[EventDate "2018.09.30"]

1. d4 Nf6 2. Nf3 e6 3. c4 Bb4+ 4. Nc3 b6 5. Bg5 h6 6. Bh4 g5 7. Bg3 Ne4 8. Qc2
Nxg3 9. hxg3 Bb7 10. e3 Be7 11. Rh2 d6 12. Bd3 Nd7 13. O-O-O Bxf3 14. gxf3 c6
15. g4 Qc7 16. Rdh1 Bf8 17. Ne4 f6 18. Ng3 O-O-O 19. Kb1 Kb7 20. Rc1 Rc8 21. e4
c5 22. Ne2 Bg7 23. Rh5 Rce8 24. Rh3 Rhf8 25. d5 exd5 26. cxd5 a6 27. Ng3 Rh8
28. Nf5 Bf8 29. Rch1 Ne5 30. Bxa6+ Kb8 31. Qa4 Rd8 32. Be2 Rh7 33. Rc1 Qa7 34.
Qb5 Rc8 35. Rc3 Qd7 36. Qxb6+ Qb7 37. Qxb7+ Rxb7 38. Ba6 1-0

[Event "Open Hradec Kralove 2018"]
[Site "Hradec Kralove"]
[Date "2018.10.06"]
[Round "8"]
[White "Starosta, Martyna"]
[Black "Majerik, Vladimir"]
[Result "1/2-1/2"]
[WhiteElo "1700"]
[BlackElo "1847"]
[PlyCount "65"]
[EventDate "2018.09.30"]

1. e4 c6 2. d4 d5 3. Nc3 dxe4 4. Nxe4 Nf6 5. Nxf6+ gxf6 6. c3 Bf5 7. Bd3 Bg6 8.
Nf3 e6 9. Bf4 Nd7 10. a4 Nb6 11. O-O Nd5 12. Bg3 Bg7 13. c4 Ne7 14. Bxg6 hxg6
15. Qb3 Qc8 16. Qb4 Nf5 17. Rfe1 Bf8 18. Qb3 Be7 19. d5 Nxg3 20. hxg3 e5 21.
Rad1 cxd5 22. Nxe5 fxe5 23. Rxe5 Kf8 24. Rexd5 Bf6 25. Rd7 Qe8 26. Qxb7 Kg7 27.
c5 Qe6 28. Rxf7+ Qxf7 29. Rd7 Qxd7 30. Qxd7+ Kh6 31. Qh3+ Kg7 32. Qd7+ Kh6 33.
Qh3+ 1/2-1/2

[Event "Open Hradec Kralove 2018"]
[Site "Hradec Kralove"]
[Date "2018.10.06"]
[Round "8"]
[White "Svec, Ludek"]
[Black "Moeckel, Jens"]
[Result "0-1"]
[WhiteElo "1537"]
[BlackElo "1882"]
[PlyCount "82"]
[EventDate "2018.09.30"]

1. d4 g6 2. Nf3 Bg7 3. g3 c5 4. c3 cxd4 5. Nxd4 Nc6 6. Nb3 a5 7. a4 d6 8. Bg2
e5 9. Na3 Nge7 10. e4 Be6 11. O-O O-O 12. Be3 f5 13. f3 f4 14. Bf2 fxg3 15.
hxg3 Rf6 16. Be3 h6 17. Nb5 Bc4 18. Re1 Kh7 19. Nd2 Bf7 20. Bh3 d5 21. Bc5 b6
22. Be3 Na7 23. Nxa7 Rxa7 24. Qe2 Rd6 25. Qf2 g5 26. Qe2 d4 27. Bf2 dxc3 28.
Nc4 Bxc4 29. Qxc4 Rc7 30. Qb5 cxb2 31. Qxb2 Rcc6 32. Rec1 Rd2 33. Qb5 Rxc1+ 34.
Rxc1 Rxf2 35. Kxf2 Qd2+ 36. Kf1 Qxc1+ 37. Kf2 Qc6 38. Bf5+ Kh8 39. Qb3 Nxf5 40.
exf5 e4 41. Qe6 Qxe6 0-1

[Event "Open Hradec Kralove 2018"]
[Site "Hradec Kralove"]
[Date "2018.10.07"]
[Round "9"]
[White "Zaehringer, Daniel"]
[Black "Neckar, Lubomir"]
[Result "1/2-1/2"]
[WhiteElo "2110"]
[BlackElo "2281"]
[PlyCount "47"]
[EventDate "2018.09.30"]

1. d4 Nf6 2. c4 e6 3. Nc3 Bb4 4. Qc2 b6 5. e4 c5 6. d5 Qe7 7. Be2 exd5 8. exd5
b5 9. Nf3 bxc4 10. O-O O-O 11. Bxc4 Ba6 12. b3 Qd6 13. Rd1 Re8 14. h3 Bxc4 15.
bxc4 Bxc3 16. Qxc3 Ne4 17. Qc2 Na6 18. a3 Nc7 19. Be3 f5 20. Rab1 Rab8 21. Rxb8
Rxb8 22. Rb1 Ne8 23. Rxb8 Qxb8 24. Qa4 1/2-1/2

[Event "Open Hradec Kralove 2018"]
[Site "Hradec Kralove"]
[Date "2018.10.07"]
[Round "9"]
[White "Plischki, Sebastian"]
[Black "Hoerr, Matthias"]
[Result "1-0"]
[WhiteElo "2430"]
[BlackElo "2208"]
[PlyCount "43"]
[EventDate "2018.09.30"]

1. d4 Nf6 2. c4 e6 3. g3 d5 4. Nf3 Bb4+ 5. Bd2 Be7 6. Bg2 O-O 7. O-O c6 8. Qc2
b6 9. Rd1 Bb7 10. b3 Nbd7 11. Nc3 Re8 12. e4 dxe4 13. Nxe4 Nxe4 14. Qxe4 Nf6
15. Qc2 c5 16. dxc5 Bxc5 17. Bc3 Qe7 18. Ng5 Bxg2 19. Kxg2 h6 20. Bxf6 Qb7+ 21.
Qe4 Reb8 22. Rd8+ 1-0

[Event "Open Hradec Kralove 2018"]
[Site "Hradec Kralove"]
[Date "2018.10.07"]
[Round "9"]
[White "Toman, Jaroslav"]
[Black "Malinovsky, Petr"]
[Result "1/2-1/2"]
[WhiteElo "2232"]
[BlackElo "2014"]
[PlyCount "95"]
[EventDate "2018.09.30"]

1. e4 c5 2. Nf3 g6 3. d4 cxd4 4. Nxd4 Nc6 5. c4 Nf6 6. Nc3 d6 7. Be2 Nxd4 8.
Qxd4 Bg7 9. Bg5 O-O 10. Qd2 Be6 11. Rc1 Qa5 12. O-O Rfc8 13. b3 a6 14. f3 b5
15. Nd5 Qxd2 16. Bxd2 Nxd5 17. exd5 Bd4+ 18. Kh1 Bd7 19. Rfd1 Bg7 20. Be3 b4
21. c5 dxc5 22. Bxc5 Bh6 23. Rc4 Bb5 24. Bxe7 Bxc4 25. Bxc4 Bf8 26. d6 Re8 27.
Bh4 g5 28. d7 gxh4 29. dxe8=Q Rxe8 30. Kg1 Be7 31. Rd7 Kf8 32. Kf1 Rd8 33.
Rxd8+ Bxd8 34. Bxa6 Ke7 35. Ke2 Bc7 36. h3 Kf6 37. Bc4 Kg6 38. Kd3 f6 39. Be6
Kg5 40. Kd4 Be5+ 41. Kc4 Bd6 42. Kd5 Be5 43. Kc5 Bc3 44. Kc4 Be1 45. Kd3 Kf4
46. Bd5 Bf2 47. Kc4 Be1 48. Kd3 1/2-1/2

[Event "Open Hradec Kralove 2018"]
[Site "Hradec Kralove"]
[Date "2018.10.07"]
[Round "9"]
[White "Piankov, Evgenij"]
[Black "Kraus, Ondrej"]
[Result "1-0"]
[WhiteElo "2218"]
[BlackElo "1943"]
[PlyCount "21"]
[EventDate "2018.09.30"]

1. d4 Nf6 2. Nf3 e6 3. g3 b6 4. Bg2 Bb7 5. O-O Be7 6. c4 c5 7. dxc5 Bxc5 8. Nc3
Qc8 9. Bf4 a6 10. Na4 d5 11. b4 1-0

[Event "Open Hradec Kralove 2018"]
[Site "Hradec Kralove"]
[Date "2018.10.07"]
[Round "9"]
[White "Clark, Robert G"]
[Black "Ouaret, Abdelouhab"]
[Result "0-1"]
[WhiteElo "2025"]
[BlackElo "2094"]
[PlyCount "88"]
[EventDate "2018.09.30"]

1. c4 e5 2. g3 Nc6 3. Bg2 Nf6 4. Nc3 Bb4 5. Nd5 Bc5 6. e3 O-O 7. Ne2 d6 8. Nec3
a5 9. Nxf6+ Qxf6 10. Ne4 Qg6 11. Nxc5 dxc5 12. d3 Nb4 13. Be4 Bf5 14. Bxf5 Qxf5
15. e4 Qd7 16. O-O Qxd3 17. Qxd3 Nxd3 18. Rd1 Rfd8 19. b3 Nxc1 20. Raxc1 Rd4
21. Re1 a4 22. Rc2 f6 23. Re3 Kf7 24. Kg2 Ke7 25. Kf3 b6 26. h4 Rad8 27. bxa4
Rd2 28. Rxd2 Rxd2 29. Ra3 Rc2 30. a5 bxa5 31. Rxa5 Rxc4 32. Ke3 Kd6 33. Ra6+ c6
34. Ra7 Rd4 35. Rxg7 c4 36. Rb7 c3 37. Rb1 Kc5 38. Rc1 Kc4 39. Rc2 Rd7 40. f4
Rd3+ 41. Kf2 Rd2+ 42. Rxd2 cxd2 43. Ke2 Kc3 44. Kd1 Kd3 0-1

[Event "Open Hradec Kralove 2018"]
[Site "Hradec Kralove"]
[Date "2018.10.07"]
[Round "9"]
[White "Bartos, Jan"]
[Black "Kolesnikova, Kristina"]
[Result "1/2-1/2"]
[WhiteElo "2216"]
[BlackElo "2008"]
[PlyCount "92"]
[EventDate "2018.09.30"]

1. d4 Nf6 2. Nf3 e6 3. c4 c5 4. d5 b5 5. Bg5 d6 6. Nbd2 Qa5 7. Bxf6 gxf6 8. e4
Bh6 9. a3 b4 10. axb4 Qxb4 11. Qc2 Na6 12. Be2 Qb6 13. O-O Nb4 14. Qc3 Ke7 15.
Ra3 Bd7 16. Rfa1 a6 17. Ne1 Bf4 18. Ndf3 Rhg8 19. Nd3 Nxd3 20. Bxd3 Rab8 21.
R1a2 Bc8 22. Bc2 Qc7 23. Ba4 Rb4 24. Rb3 Rxb3 25. Qxb3 Bb7 26. g3 Bh6 27. Qc3
Bg7 28. Bc2 h6 29. Nd2 f5 30. Qe3 fxe4 31. Bxe4 Bc8 32. Nb3 Re8 33. dxe6 fxe6
34. Na5 Kf8 35. Bg6 Rd8 36. Qf3+ Kg8 37. Qc6 Qe7 38. b3 Rf8 39. Bd3 Bd4 40. Qe4
Qf7 41. Qe2 Qc7 42. Qg4+ Qg7 43. Qxg7+ Kxg7 44. Nc6 Bc3 45. Rc2 Bf6 46. Ra2 Bc3
1/2-1/2

[Event "Open Hradec Kralove 2018"]
[Site "Hradec Kralove"]
[Date "2018.10.07"]
[Round "9"]
[White "Skorna, Ullrich"]
[Black "Bensadi, Lotfi"]
[Result "0-1"]
[WhiteElo "2090"]
[BlackElo "1925"]
[PlyCount "78"]
[EventDate "2018.09.30"]

1. e4 c5 2. b3 Nf6 3. e5 Nd5 4. Nf3 Nc6 5. Bb2 g6 6. Bc4 Nb6 7. O-O Nxc4 8.
bxc4 Bg7 9. Re1 O-O 10. Nc3 d6 11. exd6 exd6 12. h3 Be6 13. d3 Qa5 14. Nd2 Bxc3
15. Nb3 Bxe1 16. Nxa5 Bxa5 17. Rb1 Rae8 18. Bf6 Bc8 19. Qf3 Bd8 20. Bc3 Re6 21.
Qf4 Rfe8 22. Kf1 Nd4 23. Re1 Nxc2 24. Re4 Bd7 25. Kg1 Bc6 26. Qh6 Nd4 27. Rxd4
cxd4 28. Bxd4 Bf6 29. Be3 d5 30. Qf4 dxc4 31. Qxc4 a6 32. d4 Rd8 33. h4 Bd5 34.
Qc7 Bxh4 35. a3 Bf6 36. g4 Rc6 37. Qf4 Rb6 38. Qc7 Rb1+ 39. Kh2 Bh4 0-1

[Event "Open Hradec Kralove 2018"]
[Site "Hradec Kralove"]
[Date "2018.10.07"]
[Round "9"]
[White "Gokhale, Anupama"]
[Black "Seemann, Jakub"]
[Result "1-0"]
[WhiteElo "1964"]
[BlackElo "1789"]
[PlyCount "59"]
[EventDate "2018.09.30"]

1. d4 Nf6 2. c4 g6 3. g3 Bg7 4. Bg2 O-O 5. Nf3 d6 6. O-O Nc6 7. Nc3 Bg4 8. d5
Na5 9. Qd3 c5 10. h3 Bxf3 11. exf3 a6 12. Rb1 Rb8 13. b3 b5 14. f4 bxc4 15.
bxc4 Rxb1 16. Nxb1 Qd7 17. Bd2 Qa4 18. Qa3 Qxa3 19. Nxa3 Nb7 20. Rb1 Rb8 21. h4
Ng4 22. Bh3 f5 23. Bxg4 fxg4 24. Ba5 Nxa5 25. Rxb8+ Kf7 26. Rb6 Bc3 27. Rxa6
Bb4 28. Kf1 e6 29. Nb5 Nxc4 30. Nxd6+ 1-0

[Event "Open Hradec Kralove 2018"]
[Site "Hradec Kralove"]
[Date "2018.10.07"]
[Round "9"]
[White "Fischer, Erik"]
[Black "Vochozka, Jindrich"]
[Result "1/2-1/2"]
[WhiteElo "1947"]
[BlackElo "1795"]
[PlyCount "59"]
[EventDate "2018.09.30"]

1. Nf3 e6 2. c4 Nf6 3. b3 b6 4. g3 Bb7 5. Bg2 c5 6. O-O Nc6 7. Bb2 Qc7 8. e3
Be7 9. Nc3 a6 10. Qe2 O-O 11. Rfd1 Rfd8 12. d4 cxd4 13. Nxd4 Nxd4 14. Rxd4 Bxg2
15. Kxg2 Qb7+ 16. e4 Bc5 17. Rd2 b5 18. f3 bxc4 19. bxc4 Qb6 20. e5 Ne8 21. Ne4
Be7 22. Rc1 Rab8 23. c5 Qb5 24. Rdc2 Nc7 25. Qd2 Nd5 26. Nc3 Nxc3 27. Rxc3 Qc6
28. Rd3 Rb5 29. Bd4 h6 30. Qe3 1/2-1/2